000 00663nam a22001937a 4500
003 NUST-PNEC
005 20170116180742.0
008 141225b xxu||||| |||| 00| 0 eng d
020 _a0743206827
040 _cPNEC
082 _a158 COV
100 _91149
_aCovey Stephen R
245 _aThe 8th habit : from effectiveness to greatness
_cStephen R Covey
260 _aNew York :
_bSimon & Schuster,
_c©2004
300 _axvi, 408 p. :
_bill. ;
_c25 cm.
500 _aIncludes index.
856 _uhttp://www.amazon.com/8th-Habit-Effectiveness-Greatness/dp/0743206827/ref=sr_1_1?s=books&ie=UTF8&qid=1419498413&sr=1-1&keywords=0743206827
942 _2ddc
_cBK
999 _c62222
_d62222